Bounty Hunters Quiz Stats

 Plays Quiz not verified by Sporcle

Challenge
Share
Tweet
Embed
Score 0/40 Timer 18:00
0 Plays Today
hint % Correct
boba's dadjango fett
94%
he is a dangerous assasin droidig88
91.7%
a square shaped bounty hunterbossk
76.2%
his dad is jango fettyoung boba
76.2%
a blue head and a brown hatcad bane
73.8%
he is a rodiangreedo
67.9%
he is white and he makes a sound like fwwwf4lom
64.3%
her hair sticks way up and has a long blasteraurra sing
63.1%
beware of his long blaster rifledengar
59.5%
killed in attack of the cloneszam wessell
57.1%
once a little boy and when he grew up he was a famous bounty hunter boba fett
57.1%
chewie's partner han solo
56%
partner to 4lomzuckuss
47.6%
a bowcaster bounty hunterembo
38.1%
one of ziro the hutt's servantsig86
29.8%
she has a swordsugi
26.2%
wears a red hat and a weequay bounty huntershahan alama
20.2%
a octupus like bounty hunterrobonino
19%
he has sun glasses is sort of greenish bluehondo ohnaka
17.9%
rebellion erahk-47
14.3%
hint % Correct
a droid bounty hunterhelios 3d
13.1%
rise of the empire eradurge
13.1%
lives on a desert planetturk falso
11.9%
legacy eracade skywalker
11.9%
jango fett's shipjango's slave 1
11.9%
boba fett's shipboba's slave 1
11.9%
a wookiee bounty huntersnoova
10.7%
old republic erahanharr
9.5%
old republic erahk-50
8.3%
old republic eracalo nord
7.1%
old republic erahulas
7.1%
old republic erahk-51
7.1%
old republic eramira
6%
rise of the empire eragorm
4.8%
old republic eraj'ane khan
4.8%
old republic era vorn daasrad
4.8%
old republic eraithorak guldar
4.8%
bane's shipcad bane's speeder
4.8%
new jedi order eratinian i'att
3.6%
old republic eradel moomo
2.4%

You're not logged in!

Compare scores with friends on all Sporcle quizzes.
Join for Free
OR
Log In

You Might Also Like...

Show Comments

Extras

Top Quizzes Today


Score Distribution

Your Account Isn't Verified!

In order to create a playlist on Sporcle, you need to verify the email address you used during registration. Go to your Sporcle Settings to finish the process.

Report this User

Report this user for behavior that violates our Community Guidelines.

Details: